LEADER 01673nam0 22003251i 450 001 UON00311984 005 20231205104059.578 010 $a978-49-04-23400-6 100 $a20080605d2008 |0itac50 ba 101 $aeng 102 $aJP 105 $a|||| 1|||| 200 1 $aˆA ‰guide to the earliest Chinese Buddhist translations$eTexts from the Eastern Han ad Three Kingdom periods$fJan Nattier 210 $aTokyo$cThe International Research Institute for Advanced Buddhology Soka University$d2008 215 $aVI, 194 p.$d26 cm 311 $aCIN VII A 446 N$9UON00041234 410 0$1001UON00041234$12001 $aBibliotheca Philologica et Philosophica Buddhica$1210 $aTokyo$cThe International Research Institute for Advanced Buddhology Soka University.$v10 CIN VII A 446 N 606 $aBUDDHISMO$xCINA$xSTORIA$3UONC003643$2FI 606 $aBUDDHISMO$xCINA$xDINASTIA HAN (206 a.C.$x220 d.C.)$xTESTI$3UONC068722$2FI 606 $aBUDDHISMO$xCINA$xPERIODO dei TRE REGNI (220-265)$xTESTI$3UONC068723$2FI 620 $aJP$dTo?kyo?$3UONL000031 686 $aCIN VII A$cCINA - RELIGIONE E FILOSOFIA - PERIODO CLASSICO$2A 700 1$aNATTIER$bJan$3UONV178510$0697316 712 $aInternational Research Institute for Advanced Buddhology Soka University$3UONV251925$4650 801 $aIT$bSOL$c20240220$gRICA 899 $aSIBA - SISTEMA BIBLIOTECARIO DI ATENEO$2UONSI 912 $aUON00311984 950 $aSIBA - SISTEMA BIBLIOTECARIO DI ATENEO$dSI CIN VII A 446 N $eSI SA 124598 7 446 N 996 $aGuide to the earliest Chinese Buddhist translations$91375272 997 $aUNIOR LEADER 01014nam0 22002651i 450 001 UON00128769 005 20231205102747.454 100 $a20020107d1974 |0itac50 ba 101 $arus 102 $aSU 105 $a|||| 1|||| 200 1 $aGoroda Povolz'ja v srednie veka$fot. red. A.P. Smirnov, G.A. Ferodov-Davydov 210 $aMoskva$cNauka$d1974 215 $a181 p.$d28 cm 620 $aRU$dMoskva$3UONL003152 686 $aPE XI$cPAESI EXTRAASIATICI - ARCHITETTURA$2A 702 1$aFEDOROV-DAVYDOV$bGerman Alekseevic$3UONV020581 702 1$aSMIRNOV$bAleksej Petrovi?$3UONV024476 712 $aAkademija Nauk SSSR$3UONV247334$4650 801 $aIT$bSOL$c20241213$gRICA 899 $aSIBA - SISTEMA BIBLIOTECARIO DI ATENEO$2UONSI 912 $aUON00128769 950 $aSIBA - SISTEMA BIBLIOTECARIO DI ATENEO$dSI PE XI 014 $eSI SA 34220 7 014 996 $aGoroda Povolz'ja v srednie veka$91317979 997 $aUNIOR